The Legend of Zelda Bosses by picture - Statistics

General Stats
  • This quiz has been taken 38 times
  • The average score is 11 of 16
Answer Stats
Picture Answer % Correct
Ganon
100%
Majora
96%
Dark Link
93%
Ganondorf
89%
Master Kohga
86%
Twinrova | Koume and Kotake
86%
Zant
82%
Gohma
75%
Vaati
75%
Yuga
68%
Demise
64%
Agahnim
57%
Bellum
39%
Null
39%
Malladus
29%
DethI
21%
No matching quizzes found
Score Distribution
Percent of People with Each Score
Percentile by Number Answered
Your Score History
You have not taken this quiz